| 000 | 00500nam a22001457a 4500 | ||
|---|---|---|---|
| 008 | 230403b |||||||| |||| 00| 0 eng d | ||
| 040 |
_aNational Science Library _cNational Science Library |
||
| 080 |
_a015(540) _bK2 |
||
| 245 |
_aImpex supplement 1960-62: _bReference catalogue of Indian books _c/ Indian Book Export & Import Co. |
||
| 260 |
_aNew Delhi: _bIndian Book Export & Import Co., _c1962 |
||
| 300 | _a219p. | ||
| 365 |
_b40.00 _cINR |
||
| 653 | _aReference catalogue | ||
| 942 |
_2udc _cBK |
||
| 999 |
_c17947 _d17947 |
||